[Event "Watson Farley Williams Challenge"]
[Site "London"]
[Date "1988.06.05"]
[Round "9"]
[White "Levitt, Jonathan"]
[Black "Sadler, Matthew D"]
[Result "1/2-1/2"]
[WhiteElo "2445"]
[BlackElo "2385"]
[PlyCount "37"]
[EventDate "1988.05.27"]
[EventType "tourn"]
[EventRounds "11"]
[EventCountry "ENG"]
[EventCategory "8"]
[SourceTitle "BritBase"]
[Source "John Saunders"]
[SourceDate "2022.12.30"]
[SourceVersion "1"]
[SourceVersionDate "2022.12.30"]
[SourceQuality "1"]

1. d4 d5 2. Nf3 e6 3. c4 dxc4 4. e3 Nf6 5. Bxc4 a6 6. Qe2 c5 7. O-O b5 8. Bb3
Bb7 9. Rd1 Nbd7 10. Nc3 Bd6 11. e4 cxd4 12. Rxd4 Bc5 13. Rd3 Ng4 14. Bg5 Qb6
15. Nd5 Bxd5 16. exd5 Bxf2+ 17. Kf1 Nc5 18. dxe6 f6 19. Bf4 1/2-1/2

[Event "Watson Farley Williams Challenge"]
[Site "London"]
[Date "1988.06.05"]
[Round "9"]
[White "Westerinen, Heikki MJ"]
[Black "Arkell, Keith C"]
[Result "0-1"]
[WhiteElo "2395"]
[BlackElo "2425"]
[PlyCount "96"]
[EventDate "1988.05.27"]
[EventType "tourn"]
[EventRounds "11"]
[EventCountry "ENG"]
[EventCategory "8"]
[SourceTitle "BritBase"]
[Source "John Saunders"]
[SourceDate "2022.12.30"]
[SourceVersion "1"]
[SourceVersionDate "2022.12.30"]
[SourceQuality "1"]

1. e4 g6 2. d4 Bg7 3. Nc3 c6 4. h3 d5 5. Nf3 dxe4 6. Nxe4 Nd7 7. Bc4 Ndf6 8.
Nc5 Nd5 9. O-O Ngf6 10. Re1 O-O 11. Bb3 b6 12. Nd3 Bb7 13. Qe2 e6 14. Bg5 h6
15. Bh4 a5 16. a3 a4 17. Ba2 Ba6 18. c4 Ne7 19. Bg3 Nf5 20. Be5 Nd7 21. Bxg7
Kxg7 22. Nb4 Bb7 23. d5 exd5 24. cxd5 c5 25. Nc6 Qf6 26. Qd2 Rae8 27. Qc3 Nd6
28. Rad1 Qxc3 29. bxc3 Nb5 30. Rc1 Rxe1+ 31. Nxe1 Rc8 32. c4 Nd6 33. Nd3 Bxc6
34. dxc6 Rxc6 35. Nb2 Rc7 36. Nxa4 Ra7 37. Bb3 Nf5 38. Bd1 Nd4 39. Rb1 Ne5 40.
Rxb6 Nxc4 41. Rb8 Rc7 42. Rd8 Re7 43. Bg4 h5 44. Bf3 Re1+ 45. Kh2 Nd2 46. h4
Nf1+ 47. Kg1 g5 48. Nxc5 Ng3+ 0-1

[Event "Watson Farley Williams Challenge"]
[Site "London"]
[Date "1988.06.06"]
[Round "10"]
[White "Arkell, Keith C"]
[Black "Evans, Larry D"]
[Result "1/2-1/2"]
[WhiteElo "2425"]
[BlackElo "2495"]
[PlyCount "88"]
[EventDate "1988.05.27"]
[EventType "tourn"]
[EventRounds "11"]
[EventCountry "ENG"]
[EventCategory "8"]
[SourceTitle "BritBase"]
[Source "John Saunders"]
[SourceDate "2022.12.30"]
[SourceVersion "1"]
[SourceVersionDate "2022.12.30"]
[SourceQuality "1"]

1. d4 Nf6 2. Nf3 g6 3. c4 Bg7 4. Nc3 d5 5. Bg5 Ne4 6. cxd5 Nxg5 7. Nxg5 e6 8.
Nf3 exd5 9. b4 O-O 10. g3 Qd6 11. a3 Bg4 12. Bg2 Nc6 13. e3 Rad8 14. O-O a5 15.
b5 Ne7 16. Na4 b6 17. Nb2 h5 18. Qc2 Bf6 19. Nd3 Bf5 20. Qc3 Rc8 21. Nfe5 Kg7
22. Nf4 Bg5 23. Rfc1 Bxf4 24. exf4 c5 25. Nc6 Nxc6 26. dxc5+ Qf6 27. Qxf6+ Kxf6
28. bxc6 Rxc6 29. cxb6 Rxb6 30. Bxd5 Rd8 31. Rc5 a4 32. Rc6+ Rxc6 33. Bxc6 Bc2
34. Re1 Bb3 35. f3 Rd2 36. Re4 Ra2 37. Bxa4 Rxa3 38. Bxb3 Rxb3 39. Kf2 Rb2+ 40.
Re2 Rb4 41. Rd2 Ra4 42. h4 Rb4 43. Ke3 Rb3+ 44. Ke4 Rb1 1/2-1/2

[Event "Watson Farley Williams Challenge"]
[Site "London"]
[Date "1988.06.06"]
[Round "10"]
[White "King, Daniel J"]
[Black "Hebden, Mark L"]
[Result "1/2-1/2"]
[WhiteElo "2475"]
[BlackElo "2475"]
[PlyCount "112"]
[EventDate "1988.05.27"]
[EventType "tourn"]
[EventRounds "11"]
[EventCountry "ENG"]
[EventCategory "8"]
[SourceTitle "BritBase"]
[Source "John Saunders"]
[SourceDate "2022.12.30"]
[SourceVersion "1"]
[SourceVersionDate "2022.12.30"]
[SourceQuality "1"]

1. e4 e5 2. Nf3 Nc6 3. Bb5 a6 4. Ba4 Nf6 5. O-O Be7 6. Re1 b5 7. Bb3 O-O 8. a4
Bb7 9. d3 d6 10. Bd2 b4 11. c3 d5 12. cxb4 dxe4 13. dxe4 Nd4 14. Nxd4 Qxd4 15.
Bc3 Qxd1 16. Rxd1 Nxe4 17. Bxe5 Bxb4 18. Nc3 Bd6 19. Bxd6 Nxd6 20. Nd5 Bxd5 21.
Bxd5 Rab8 22. Rac1 Rfc8 23. b3 Kf8 24. Rc6 Rb6 25. Rdc1 Rxc6 26. Rxc6 Nf5 27.
Rxa6 Nd4 28. Kf1 Ke7 29. a5 f6 30. Ke1 Rb8 31. Ra8 Rxa8 32. Bxa8 Kd6 33. a6 Kc5
34. Bd5 Kb6 35. Kd2 Kxa6 36. Kd3 Nb5 37. Bg8 h6 38. Ke4 Nd6+ 39. Kd5 Kb5 40.
Ke6 Kc5 41. h4 Kd4 42. h5 f5 43. Kd7 Ne4 44. Kxc7 Nxf2 45. b4 Ne4 46. b5 Kc5
47. b6 Nd6 48. Kd7 f4 49. Ba2 Nb7 50. Kc7 Na5 51. b7 Nxb7 52. Kxb7 Kd6 53. Bb1
Ke5 54. Kc7 f3 55. gxf3 Kf4 56. Kd6 Kxf3 1/2-1/2

[Event "Watson Farley Williams Challenge"]
[Site "London"]
[Date "1988.06.06"]
[Round "10"]
[White "Motwani, Paul"]
[Black "Lalic, Susan"]
[Result "1-0"]
[WhiteElo "2465"]
[BlackElo "2340"]
[PlyCount "67"]
[EventDate "1988.05.27"]
[EventType "tourn"]
[EventRounds "11"]
[EventCountry "ENG"]
[EventCategory "8"]
[SourceTitle "BritBase"]
[Source "John Saunders"]
[SourceDate "2022.12.30"]
[SourceVersion "1"]
[SourceVersionDate "2022.12.30"]
[SourceQuality "1"]

1. e4 c6 2. c4 d5 3. exd5 cxd5 4. cxd5 Nf6 5. Nc3 g6 6. Nf3 Bg7 7. Bc4 Nbd7 8.
d3 O-O 9. O-O Nb6 10. Qb3 Bf5 11. Re1 Rc8 12. Be3 Nfd7 13. Bd4 Nc5 14. Qd1 Nxc4
15. dxc4 Nd3 16. Bxg7 Kxg7 17. Re3 Nxb2 18. Qd4+ Kg8 19. c5 Qa5 20. g4 Rxc5 21.
gxf5 Rc4 22. Qe5 Rg4+ 23. Kh1 Nc4 24. Qxe7 Nxe3 25. Qxe3 gxf5 26. Qe5 Qb4 27.
Qxf5 Rg6 28. Ne4 Qb2 29. Qe5 Qa3 30. Nh4 f6 31. Qe6+ Kg7 32. Nxg6 hxg6 33. Kg2
Qa4 34. Rc1 1-0

[Event "Watson Farley Williams Challenge"]
[Site "London"]
[Date "1988.06.06"]
[Round "10"]
[White "Sadler, Matthew D"]
[Black "Fedorowicz, John P"]
[Result "1/2-1/2"]
[WhiteElo "2385"]
[BlackElo "2560"]
[PlyCount "80"]
[EventDate "1988.05.27"]
[EventType "tourn"]
[EventRounds "11"]
[EventCountry "ENG"]
[EventCategory "8"]
[SourceTitle "BritBase"]
[Source "John Saunders"]
[SourceDate "2022.12.30"]
[SourceVersion "1"]
[SourceVersionDate "2022.12.30"]
[SourceQuality "1"]

1. d4 Nf6 2. c4 g6 3. Nc3 Bg7 4. e4 d6 5. f3 O-O 6. Bg5 c5 7. d5 h6 8. Be3 e6
9. Qd2 exd5 10. cxd5 h5 11. Nge2 Nh7 12. Nf4 Nd7 13. Be2 Ne5 14. O-O Bd7 15.
Rab1 Rc8 16. Rfc1 a6 17. a4 Qa5 18. b3 Rfe8 19. Kh1 f5 20. Ne6 Bxe6 21. dxe6
fxe4 22. f4 Ng4 23. Nxe4 Qxd2 24. Bxd2 d5 25. Bxg4 dxe4 26. Bh3 Nf6 27. Re1 Rc6
28. Rbc1 Bf8 29. Bc3 Ng4 30. Bxg4 hxg4 31. Rxe4 Rcxe6 32. Rxe6 Rxe6 33. Be5 Rb6
34. Rc3 c4 35. Rxc4 Rxb3 36. g3 b5 37. Rc6 bxa4 38. Rxg6+ Kh7 39. Rxa6 Bc5 40.
h3 Rxg3 1/2-1/2

[Event "Watson Farley Williams Challenge"]
[Site "London"]
[Date "1988.06.07"]
[Round "11"]
[White "Fedorowicz, John P"]
[Black "King, Daniel J"]
[Result "1/2-1/2"]
[WhiteElo "2560"]
[BlackElo "2475"]
[PlyCount "37"]
[EventDate "1988.05.27"]
[EventType "tourn"]
[EventRounds "11"]
[EventCountry "ENG"]
[EventCategory "8"]
[SourceTitle "BritBase"]
[Source "John Saunders"]
[SourceDate "2022.12.30"]
[SourceVersion "1"]
[SourceVersionDate "2022.12.30"]
[SourceQuality "1"]

1. e4 c5 2. Nf3 d6 3. d4 cxd4 4. Nxd4 Nf6 5. Nc3 a6 6. Be3 e5 7. Nf3 Qc7 8. a4
Be7 9. a5 O-O 10. Be2 Nbd7 11. Nd2 b5 12. axb6 Nxb6 13. Bxb6 Qxb6 14. Nc4 Qc6
15. O-O Be6 16. Ne3 Rfb8 17. Ncd5 Bxd5 18. exd5 Qc5 19. b3 1/2-1/2

[Event "Watson Farley Williams Challenge"]
[Site "London"]
[Date "1988.06.07"]
[Round "11"]
[White "Hebden, Mark L"]
[Black "Motwani, Paul"]
[Result "1/2-1/2"]
[WhiteElo "2475"]
[BlackElo "2465"]
[PlyCount "138"]
[EventDate "1988.05.27"]
[EventType "tourn"]
[EventRounds "11"]
[EventCountry "ENG"]
[EventCategory "8"]
[SourceTitle "BritBase"]
[Source "John Saunders"]
[SourceDate "2022.12.30"]
[SourceVersion "1"]
[SourceVersionDate "2022.12.30"]
[SourceQuality "1"]

1. e4 e5 2. Nf3 Nc6 3. Bb5 Nf6 4. O-O Nxe4 5. d4 Nd6 6. Bxc6 dxc6 7. dxe5 Nf5
8. Qxd8+ Kxd8 9. b3 a5 10. Nc3 Ke8 11. Bb2 h6 12. Rfd1 Be6 13. Ne2 Bd5 14. Ne1
Rd8 15. Nf4 Be7 16. c4 Be6 17. Nf3 h5 18. Nxe6 fxe6 19. Nd4 Kf7 20. Kf1 g6 21.
Ke2 Ba3 22. Nxc6 bxc6 23. Bxa3 Nd4+ 24. Rxd4 Rxd4 25. Bb2 Rd7 26. Bc3 Ra8 27.
a4 c5 28. Bd2 c6 29. Rc1 Rb7 30. Rc3 Rab8 31. Rf3+ Kg7 32. Rd3 Rxb3 33. Rd6 Ra3
34. Be3 Rxa4 35. Rxe6 Rxc4 36. Rxc6 Rb7 37. Kd3 Rcb4 38. Bxc5 Rb3+ 39. Kc4 Rb2
40. e6 Rc2+ 41. Kd3 Rxc5 42. Rxc5 Kf6 43. Rxa5 Kxe6 44. g3 Rb3+ 45. Ke4 Rb4+
46. Ke3 Kf6 47. Rd5 Rb3+ 48. Rd3 Rb2 49. h3 Kf5 50. Rd6 Rb3+ 51. Ke2 Rb2+ 52.
Kf3 Rb3+ 53. Kg2 Rb2 54. Rd3 Rb4 55. Rf3+ Ke5 56. h4 Ra4 57. Rf8 Ra3 58. f3 Ra4
59. Kh3 Ke6 60. Rf4 Ra8 61. g4 hxg4+ 62. fxg4 Ra3+ 63. Kg2 Ra5 64. Kg3 Rb5 65.
g5 Ke5 66. Rf3 Rb4 67. Kh3 Rd4 68. Rg3 Kf5 69. Rf3+ Ke5 1/2-1/2

[Event "Watson Farley Williams Challenge"]
[Site "London"]
[Date "1988.06.07"]
[Round "11"]
[White "Hodgson, Julian M"]
[Black "Arkell, Keith C"]
[Result "1/2-1/2"]
[WhiteElo "2480"]
[BlackElo "2425"]
[PlyCount "70"]
[EventDate "1988.05.27"]
[EventType "tourn"]
[EventRounds "11"]
[EventCountry "ENG"]
[EventCategory "8"]
[SourceTitle "BritBase"]
[Source "John Saunders"]
[SourceDate "2022.12.30"]
[SourceVersion "1"]
[SourceVersionDate "2022.12.30"]
[SourceQuality "1"]

1. e4 c6 2. d4 d5 3. f3 e6 4. Nc3 Nf6 5. e5 Nfd7 6. f4 c5 7. Nf3 Nc6 8. Be3
cxd4 9. Nxd4 Nxd4 10. Bxd4 Bc5 11. Bxc5 Nxc5 12. Qd4 Qb6 13. O-O-O Bd7 14. f5
O-O-O 15. fxe6 fxe6 16. b4 Na6 17. Qxb6 axb6 18. a3 Rdf8 19. Bd3 Nb8 20. Rd2
Nc6 21. Re1 Be8 22. Nb5 Bg6 23. c4 Bxd3 24. Rxd3 dxc4 25. Nd6+ Kc7 26. Nxc4 b5
27. Nd6 Kb6 28. Rg3 g6 29. Ne4 Rf5 30. Nc5 Rc8 31. Rh3 h5 32. Kb1 Rd8 33. Rd3
Rxd3 34. Nxd3 Kc7 35. g3 Kd7 1/2-1/2

[Event "Watson Farley Williams Challenge"]
[Site "London"]
[Date "1988.06.07"]
[Round "11"]
[White "Lalic, Susan"]
[Black "Norwood, David"]
[Result "0-1"]
[WhiteElo "2340"]
[BlackElo "2460"]
[PlyCount "86"]
[EventDate "1988.05.27"]
[EventType "tourn"]
[EventRounds "11"]
[EventCountry "ENG"]
[EventCategory "8"]
[SourceTitle "BritBase"]
[Source "John Saunders"]
[SourceDate "2022.12.30"]
[SourceVersion "1"]
[SourceVersionDate "2022.12.30"]
[SourceQuality "1"]

1. e4 g6 2. d4 Bg7 3. c3 d6 4. Bg5 Nf6 5. Nd2 O-O 6. f4 c5 7. Ngf3 cxd4 8. cxd4
Bg4 9. Bd3 Nc6 10. Qb3 Nh5 11. Qxb7 Bd7 12. f5 Rb8 13. Qa6 Rxb2 14. O-O Nxd4
15. Qxa7 Nc6 16. Qe3 Qa8 17. Nc4 Rb4 18. e5 dxe5 19. fxg6 hxg6 20. Nb6 Qa7 21.
Nd5 Qxe3+ 22. Bxe3 Rbb8 23. Rac1 Nf6 24. Nb6 Be8 25. Bc4 e4 26. Ng5 Ne5 27. Be2
Bh6 28. Nc8 Nd5 29. Ba7 Rb2 30. Rc5 e6 31. Rxd5 exd5 32. Ne7+ Kh8 33. Bd4 Rxe2
34. Bxe5+ f6 35. Ne6 fxe5 36. Nxf8 d4 37. Nexg6+ Bxg6 38. Nxg6+ Kg7 39. Nxe5
Be3+ 40. Kh1 d3 41. h4 d2 42. Nc4 Bf2 43. Kh2 e3 0-1

[Event "Watson Farley Williams Challenge"]
[Site "London"]
[Date "1988.06.07"]
[Round "11"]
[White "Westerinen, Heikki MJ"]
[Black "Sadler, Matthew D"]
[Result "1/2-1/2"]
[WhiteElo "2395"]
[BlackElo "2385"]
[PlyCount "82"]
[EventDate "1988.05.27"]
[EventType "tourn"]
[EventRounds "11"]
[EventCountry "ENG"]
[EventCategory "8"]
[SourceTitle "BritBase"]
[Source "John Saunders"]
[SourceDate "2022.12.30"]
[SourceVersion "1"]
[SourceVersionDate "2022.12.30"]
[SourceQuality "1"]

1. e4 c5 2. Nf3 d6 3. d4 cxd4 4. Nxd4 Nf6 5. Nc3 a6 6. Be3 e5 7. Nf3 Be7 8. Bc4
O-O 9. O-O Nc6 10. Qe2 Na5 11. Nd2 Be6 12. Rfd1 Rc8 13. Bb3 b5 14. f3 Qd7 15.
Kh1 h6 16. Qf2 Qb7 17. Nf1 Nc4 18. Bxc4 Rxc4 19. Rd2 Rfc8 20. Rad1 Rb4 21. Nd5
Bxd5 22. c3 Ra4 23. exd5 Rxa2 24. g4 b4 25. cxb4 Qxb4 26. Ng3 Nh7 27. Nf5 Bf8
28. Rg1 f6 29. h4 Qa4 30. b3 Rxd2 31. bxa4 Rxf2 32. Bxf2 Rc3 33. Kg2 g6 34. Ne3
Ra3 35. Rc1 Rxa4 36. Rc7 Ra5 37. Ra7 Rb5 38. Rxa6 f5 39. gxf5 gxf5 40. Nxf5
Rxd5 41. Ra8 Kf7 1/2-1/2